000 00438nam a2200157 i 4500
001 35899
003 ES-MaACL
005 20230906155235.0
007 t|
008 030214s1933 gw ||||1| ger d
100 1 _aBrehm, Bruno.
_931561
245 1 0 _aDas war das ende /
_cBruno Brehm.
260 _aMünchen :
_bR. Piper und Cº,
_c[1933] (
_eLeipzig :
_fC. Röder)
300 _a500 p. ;
_c19 cm.
852 _aES-MaACL
_jF-15530
_bR.19140
999 _c35899
_d35899